Mrtvola /

Hlavní autor: Boborykin, Petr Dmitrijevič, 1836-1921
Další autoři: Matěcha, F. J.
Jazyk: Čeština
Vydáno: V Praze : F. Šimáček, 1896
Edice: Levné svazky novel
Témata:
Fyzický popis: 64 s. ; 16 cm
Knihy
Uloženo v:
LEADER 01044nam a22003252a 4500
001 001082348
003 CZ BrMZK
005 20100113144744.0
007 ta
008 100113s1896 xr er|||||||||||cze d
015 |a cnb001809594  |z cnb001041124  |z cnb001288561 
035 |a (OCoLC)85079053 
040 |a ABA001  |b cze 
041 1 |a cze  |h rus 
072 7 |a 821.161.1  |x Ruská literatura  |2 Konspekt  |9 25 
080 |a 821.161.1-32  |2 MRF 
100 1 |a Boborykin, Petr Dmitrijevič,  |d 1836-1921  |7 xx0018882  |4 aut 
245 1 0 |a Mrtvola /  |c P. Boborykin ; z ruštiny přeložil F.J. Matěcha 
260 |a V Praze :  |b F. Šimáček,  |c 1896 
300 |a 64 s. ;  |c 16 cm 
490 1 |a Levné svazky novel ;  |v 81 
501 |a Přívazek k: Prach / Björnstjerne Björnson 
655 7 |a ruské povídky  |7 fd133318  |2 czenas 
700 1 |a Matěcha, F. J.  |7 jk01080626  |4 trl 
830 0 |a Levné svazky novel  |0 s 
910 |a BOA001  |b 1-0371.834,přív.1 
990 |a BK 
993 |a Y 
991 |b 201001 
994 |a UP  |l MZK01  |b 000234912  |m přívazek  |n záznam 1. díla